• 首页
  • 本馆介绍
  • 公告通知
  • 最新文献
  • 馆藏检索
  • 电子资源
  • 读者导购
  • 参考咨询
  • 我的图书馆
  • 登录
  • 详细信息显示
  • 放入我的书架
  • 预约/预借图书
  • 作者相关作品
  • 分类相关作品
  • 丛书相关作品
  • 出版社相关作品

书目信息

  • 表格格式
  • 工作单格式
  • 卡片格式
题名:
舞蹈创作思维
    
 
作者: 何 群 著
分册:  
出版信息: 北京   中国书籍出版社  2013.1
页数: 258页
开本: 24cm
丛书名:
单 册:
中图分类: J711.3
科图分类:
主题词: 舞蹈编导 , 创作方法 , 舞蹈编导--创作方法
电子资源:
ISBN: 978-7-5068-3109-3
000 00854nam0 2200265 45
001 311947
005 20130606164624.20
010    @a978-7-5068-3109-3@dCNY54.00
100    @a20130606d2013 em y0chiy50 ea
101 0  @achi
102    @aCN@b110000
105    @aa z 000yy
106    @ar
200 1  @a舞蹈创作思维@AWu Dao Chuang Zuo Si Wei@f何 群著@FHe Qun Zhu
210    @a北京@c中国书籍出版社@d2013.1
215    @a258页@c照片@d24cm
300    @a中国书籍文库
330    @a本书是“中国书籍文库”系列之一。内容包括:舞蹈,武者思维的所在、创作思维的脑神经生理机能、舞蹈动作与动机、舞蹈动觉与舞性思维、舞蹈思维指向、舞蹈创作思维等。
606 0  @a舞蹈编导
606 0  @a创作方法
606 0  @a舞蹈编导@x创作方法
690    @aJ711.3@v5
701  0 @a何 群@AHe Qun@4著
801  0 @aCN@bTANGWEI@c20130523
905    @b0836155-58@dJ711.3@e116@f4
    
    舞蹈创作思维/何 群著.-北京:中国书籍出版社,2013.1
    258页:照片;24cm
    中国书籍文库
    
    ISBN 978-7-5068-3109-3:CNY54.00
    本书是“中国书籍文库”系列之一。内容包括:舞蹈,武者思维的所在、创作思维的脑神经生理机能、舞蹈动作与动机、舞蹈动觉与舞性思维、舞蹈思维指向、舞蹈创作思维等。
●
相关链接 在E读中查询图书 在五车中查询图书 在当当中查询图书 在豆瓣中查询图书


正题名:舞蹈创作思维     索取号:J711.3/116         预约/预借

序号 登录号 条形码 馆藏地/架位号 状态 备注
1 0836155   208361556   第一样本阅览室/ [索取号:J711.3/116] 在馆    
2 0836156   208361565   第一借阅区/ [索取号:J711.3/116] 在馆    
3 0836157   208361574   第一借阅区/ [索取号:J711.3/116] 在馆    
4 0836158   208361583   第一借阅区/ [索取号:J711.3/116] 在馆    
唐山师范学院图书馆 欢迎您!
大连网信软件有限公司© 版权所有